00275nam a2200109Ia 4500008004100000041000800041082001400049100001100063245003900074260003300113300001900146241015s9999 xx 000 0 und d aeng a657.3 PRA aPrasad aFundamentals Of Business Analytics bWiley IndiaaNew Delhic2016 a403;. P. 23 cm